Los fichajes más caros del fútbol - Laterales derechos - 2011-2012 - Estadísticas

Estadísticas generales
  • Esta prueba ha sido intentada 10 veces
  • La puntuación promedio es 2 de 10
Estadísticas de respuestas
Coste (M €) Nacionalidad Último club Nuevo club Jugador % Correcto
9,93 Suiza Lazio Juventus Stephan Lichtsteiner
100%
5,50 Brasil Génova Bayern Múnich Rafinha
71%
3,50 Costa de Marfil / Bélgica Arsenal Galatasaray Emmanuel Eboué
43%
8,00 Portugal SC Braga Atlètico Madrid Sílvio
14%
4,00 Francia Génova Lazio Abdoulay Konko
0%
4,50 Escocia Tottenham Aston Villa Alan Hutton
0%
5,00 Brasil Santos Inter Jonathan Jonathan
0%
3,75 Italia Udinese Juventus Marco Motta
0%
3,50 Turquía Genclerbirligi Fenerbahce Orhan Şam
0%
4,00 Portugal PAOK VfL Wolfsburgo Vieirinha
0%
No se encontraron pruebas coincidentes
Distribución de puntuación
Porcentaje de gente con cada puntuación
Porcentaje por número respondido
Historial de tus puntuaciones
No has intentado esta prueba.